| 000 | nam a22 4500 | ||
|---|---|---|---|
| 999 |
_c30166 _d30166 |
||
| 008 | 190321b xxu||||| |||| 00| 0 eng d | ||
| 050 | _aLB 1028.5 .M84 2018 | ||
| 100 | _aMuema Joel Silla | ||
| 245 | _aInfluence of ICT on students' academics achievement in the teaching and learning of mathematics in secondary schools in Dadaab Garissa county, Kenya/ | ||
| 260 |
_aKenya : _bJoel Silla, _c2018 |
||
| 300 |
_axii, 101p. : _bill. ; _c29cm. |
||
| 504 | _aInclude Bibliographic references | ||
| 650 |
_aInfluence of ICT on students' _xacademics achievement in (mathematics) _ySecondary school _zDadaab Garissa county, Kenya |
||
| 942 |
_2lcc _cT & D _hLB 1028.5 .M84 2018 |
||